000 00325nam a22001457a 4500
020 _a978-8121910774
041 _aENG
100 _aKhurmi .R.S
245 _aApplid Mechanics And Strength Of Materials
250 _aFirst ED
260 _aDelhi
_bS.Chand &Company LTD
_c1977
300 _a569
650 _aFS
856 _uFS
999 _c312
_d312